Dạy học trực tuyến và soạn sách điện tử với Toolbook Assistant
Sách bao gồm 14 bài tập di từ cơ bản đến năng cao giúp hướng dẫn giáo viên, tạo sách điện tử nhanh và dễ dàng mà không cần có kiến thức lập trình, những đối tượng vẽ cơ bản, đồ hoạ và những đối tượng hay sử dụng trong giáo trình....
Wedi'i Gadw mewn:
| Prif Awdur: | |
|---|---|
| Fformat: | Llyfr |
| Iaith: | Undetermined |
| Cyhoeddwyd: |
Thành Phố Hồ Chí Minh
Giao Thông Vận Tải
2009
|
| Pynciau: | |
| Tagiau: |
Ychwanegu Tag
Dim Tagiau, Byddwch y cyntaf i dagio'r cofnod hwn!
|
| Thư viện lưu trữ: | Trung tâm Học liệu Trường Đại học Cần Thơ |
|---|
| LEADER | 01055nam a2200205Ia 4500 | ||
|---|---|---|---|
| 001 | CTU_159134 | ||
| 008 | 210402s9999 xx 000 0 und d | ||
| 020 | |c 85000 | ||
| 082 | |a 006.786 | ||
| 082 | |b L431 | ||
| 100 | |a Phan, Long | ||
| 245 | 0 | |a Dạy học trực tuyến và soạn sách điện tử với Toolbook Assistant | |
| 245 | 0 | |c Phan Long, Phạm Quang Huy, Phùng Thị Nguyệt | |
| 260 | |a Thành Phố Hồ Chí Minh | ||
| 260 | |b Giao Thông Vận Tải | ||
| 260 | |c 2009 | ||
| 520 | |a Sách bao gồm 14 bài tập di từ cơ bản đến năng cao giúp hướng dẫn giáo viên, tạo sách điện tử nhanh và dễ dàng mà không cần có kiến thức lập trình, những đối tượng vẽ cơ bản, đồ hoạ và những đối tượng hay sử dụng trong giáo trình. | ||
| 650 | |a Toolbook (Computer file) | ||
| 904 | |i Ngọc Mai (Bé Ba), Bạch Trúc | ||
| 980 | |a Trung tâm Học liệu Trường Đại học Cần Thơ | ||